000 00846nam a2200253 a 4500
003 DO-SdBNP
005 20220610114558.0
007 ta
008 220610e2015 dr a|||gr|||| 00| 0 spa d
020 _a9789945083897
040 _aDO-SdBNP
_bspa
_cBNPHU
082 4 _222
_bM491r
100 1 _971195
_aMedina, Isaias
245 1 0 _a!Reinventarse!
_bla energía del cambio. como conseguir lo que deseas conociendo y aplicando las leyes que lo rigen todo. /
_cIsaías Medina; Prólogo, Mélido Marte
250 _a2da. ampl.
260 _aSanto Domingo :
_bJasa Publicity,
_c2015
300 _axii, 218 p. [20] :
_bil. ;
_c22 cm.
590 _aInventariado 2022 / MF
650 4 _913110
_aAuto Ayuda y Superación
650 4 _910825
_aSuperación Personal
700 _971196
_aMarte, Mélido
_ePrólogo
910 _aMFeliz
942 _2ddc
_cLBS1
999 _c52008
_d52008